000 01663cam a2200433 a 4500
001 13441771
003 OSt
005 20140310184354.0
008 031222s2004 nyu c 000 1 eng
010 _a 2003027775
020 _a9780439794244
040 _aDLC
_cDLC
_dDLC
042 _alcac
043 _ae-pl---
050 0 0 _aPZ 7
_b.H4364Cat 2005
100 1 _aHesse, Karen.
_94785
245 1 4 _aThe cats in Krasinski Square /
_cby Karen Hesse ; illustrated by Wendy Watson.
250 _a1st ed.
260 _aNew York :
_bScholastic Press,
_c2005.
300 _a32 p. :
_bcol. ill. ;
_c23 cm.
521 _aG8
526 _c990
650 0 _aJews
_xPersecutions
_zPoland
_zWarsaw
_vJuvenile fiction.
_925444
650 0 _aHolocaust, Jewish (1939-1945)
_zPoland
_zWarsaw
_vJuvenile fiction.
_925445
650 1 _aJews
_xPersecutions
_zPoland
_zWarsaw
_vFiction.
_925446
650 1 _aHolocaust, Jewish (1939-1945)
_zPoland
_zWarsaw
_vFiction.
_925447
650 1 _aSisters
_vFiction.
_925448
650 1 _aHeroes
_vFiction.
_925449
650 1 _aCats
_vFiction.
_925450
651 0 _aWarsaw (Poland)
_xHistory
_yWarsaw Ghetto Uprising, 1943
_vJuvenile fiction.
_925451
651 1 _aWarsaw (Poland)
_xHistory
_yWarsaw Ghetto Uprising, 1943
_vFiction.
_925452
700 1 _aWatson, Wendy,
_eill.
_925453
856 4 2 _3Publisher description
_uhttp://www.loc.gov/catdir/description/schol051/2003027775.html
906 _a7
_bcbc
_corignew
_d1
_eecip
_f20
_gy-gencatlg
942 _2lcc
_cBK-SCHOLAS
999 _c33993
_d33993